[Event "Kurgan op"]
[Site "Kurgan"]
[Date "2010.03.22"]
[Round "3"]
[White "Chuprov, Dmitry"]
[Black "Gusarov, Grigory"]
[Result "1/2-1/2"]
[WhiteElo "2548"]
[BlackElo "2357"]
[PlyCount "84"]
[EventDate "2010.03.20"]
[EventType "swiss"]
[EventRounds "9"]
[EventCountry "RUS"]
[SourceTitle "CBM 135 Extra"]
[Source "ChessBase"]
[SourceDate "2010.05.04"]
[SourceVersion "1"]
[SourceVersionDate "2010.05.04"]
[SourceQuality "1"]

1. e4 e6 2. d4 d5 3. Nc3 dxe4 4. Nxe4 Nd7 5. Nf3 Ngf6 6. Nxf6+ Nxf6 7. Bg5 h6 8. Bh4 c5 9. Bb5+ Bd7 10. Bxd7+ Qxd7 11. Qe2 Be7 12. dxc5 Bxc5 13. Ne5 Qa4 14. Bxf6 gxf6 15. Nd3 Be7 16. 0-0 0-0 17. f4 f5 18. Qh5 Qd4+ 19. Kh1 Qf6 20. Rad1 Rad8 21. Qf3 Rd5 22. c4 Rd4 23. Ne5 Rfd8 24. Rxd4 Rxd4 25. Qxb7 Bd6 26. Nf3 Re4 27. c5 Bxc5 28. Qc8+ Bf8 29. Ne5 Rd4 30. h3 Rd8 31. Qb7 Bc5 32. Kh2 h5 33. Rf3 h4 34. Rd3 Rxd3 35. Nxd3 Qd4 36. Qc8+ Bf8 37. Qc3 Qe3 38. Qc4 Bg7 39. Qc8+ Kh7 40. Qd8 Qg3+ 41. Kh1 Bxb2 42. Nxb2 Qe1+ 1/2-1/2

[Event "Khanty-Mansiysk Governor Cup-A 5th"]
[Site "Khanty-Mansiysk"]
[Date "2009.12.01"]
[Round "9"]
[White "Kabanov, Nikolai"]
[Black "Chuprov, Dmitry"]
[Result "1/2-1/2"]
[WhiteElo "2502"]
[BlackElo "2571"]
[PlyCount "21"]
[EventDate "2009.11.24"]
[EventType "swiss"]
[EventRounds "10"]
[EventCountry "RUS"]
[SourceTitle "EXT 2011"]
[Source "ChessBase"]
[SourceDate "2010.11.26"]
[SourceVersion "1"]
[SourceVersionDate "2010.11.26"]
[SourceQuality "1"]

1. d4 d5 2. Nf3 Nf6 3. c4 c6 4. cxd5 cxd5 5. Nc3 Nc6 6. Bf4 Bf5 7. e3 e6 8. Bd3 Bxd3 9. Qxd3 Bd6 10. Bxd6 Qxd6 11. 0-0-0 1/2-1/2

[Event "Khanty-Mansiysk Governor Cup-A 5th"]
[Site "Khanty-Mansiysk"]
[Date "2009.11.30"]
[Round "8"]
[White "Chuprov, Dmitry"]
[Black "Khismatullin, Denis Rimovich"]
[Result "0-1"]
[WhiteElo "2571"]
[BlackElo "2601"]
[PlyCount "58"]
[EventDate "2009.11.24"]
[EventType "swiss"]
[EventRounds "10"]
[EventCountry "RUS"]
[SourceTitle "EXT 2011"]
[Source "ChessBase"]
[SourceDate "2010.11.26"]
[SourceVersion "1"]
[SourceVersionDate "2010.11.26"]
[SourceQuality "1"]

1. e4 c5 2. Nf3 d6 3. d4 Nf6 4. Nc3 cxd4 5. Nxd4 a6 6. Bg5 e6 7. f4 Qc7 8. Qf3 b5 9. 0-0-0 Bb7 10. Bxf6 gxf6 11. Qh5 Ke7 12. f5 Qc5 13. Qh3 Nc6 14. Nxc6+ Bxc6 15. Bd3 b4 16. Ne2 h5 17. Kb1 e5 18. c3 Bh6 19. Bc2 a5 20. Qxh5 Rab8 21. Qf3 a4 22. cxb4 Rxb4 23. b3 axb3 24. axb3 Rhb8 25. Qc3 Rc4 26. Qb2 Rxc2 27. Qxc2 Bxe4 28. Rd3 Bxd3 29. Qxd3 Qa3 0-1

[Event "Izmailov Memorial op 13th"]
[Site "Tomsk"]
[Date "2009.06.24"]
[Round "1"]
[White "Chuprov, Dmitry"]
[Black "Slugin, Alexander"]
[Result "1-0"]
[WhiteElo "2561"]
[BlackElo "2100"]
[PlyCount "81"]
[EventDate "2009.06.24"]
[EventType "swiss"]
[EventRounds "9"]
[EventCountry "RUS"]
[SourceTitle "EXT 2010"]
[Source "ChessBase"]
[SourceDate "2010.11.25"]
[SourceVersion "1"]
[SourceVersionDate "2010.11.25"]
[SourceQuality "1"]

1. e4 c6 2. d4 d5 3. e5 Bf5 4. Nf3 e6 5. Be2 h6 6. 0-0 Ne7 7. Nbd2 g5 8. Nb3 Nd7 9. Bd2 Ng6 10. Ne1 Nf4 11. Bf3 Rg8 12. Qc1 Be7 13. g4 Bh7 14. Bxf4 gxf4 15. Qxf4 Bg5 16. Qg3 Bh4 17. Qh3 h5 18. Ng2 hxg4 19. Bxg4 Be7 20. Qxh7 Rxg4 21. f4 Bf8 22. Qh5 Rg7 23. f5 Rg5 24. Qh3 Qe7 25. fxe6 fxe6 26. Kh1 0-0-0 27. Nf4 Re8 28. Rg1 Rf5 29. Raf1 Qf7 30. Ng6 Rf2 31. Rxf2 Qxf2 32. Qg2 Qe3 33. Rf1 Bh6 34. Qf3 Qg5 35. Rg1 Qd8 36. Qh3 Bg5 37. Qg4 Bh6 38. Rf1 b6 39. Rf7 c5 40. dxc5 bxc5 41. Qa4 1-0

[Event "Tiumen UrFO-ch op"]
[Site "Tiumen"]
[Date "2009.05.06"]
[Round "3"]
[White "Chuprov, Dmitry"]
[Black "Pogromsky, Mikhail"]
[Result "1-0"]
[WhiteElo "2561"]
[BlackElo "2403"]
[PlyCount "55"]
[EventDate "2009.05.04"]
[EventType "swiss"]
[EventRounds "9"]
[EventCountry "RUS"]
[SourceTitle "EXT 2010"]
[Source "ChessBase"]
[SourceDate "2010.11.25"]
[SourceVersion "1"]
[SourceVersionDate "2010.11.25"]
[SourceQuality "1"]

1. e4 e6 2. d4 d5 3. Nc3 dxe4 4. Nxe4 Nd7 5. Nf3 Ngf6 6. Nxf6+ Nxf6 7. Bg5 h6 8. Bh4 c5 9. Bb5+ Bd7 10. Bxd7+ Qxd7 11. Qe2 cxd4 12. 0-0-0 Bc5 13. Nxd4 Bxd4 14. Bxf6 gxf6 15. c3 Rc8 16. Kb1 Qc6 17. Rxd4 Qxg2 18. Rhd1 a6 19. Ka1 h5 20. Rd7 Kf8 21. Qe3 h4 22. f4 Rh5 23. Rg1 Qc6 24. Qd3 Rf5 25. a3 Rc7 26. Rd6 Qc5 27. Rd8+ Ke7 28. Rgg8 1-0

[Event "Tiumen UrFO-ch op"]
[Site "Tiumen"]
[Date "2009.05.05"]
[Round "2"]
[White "Mokin, Nikolai"]
[Black "Chuprov, Dmitry"]
[Result "0-1"]
[WhiteElo "2296"]
[BlackElo "2561"]
[PlyCount "116"]
[EventDate "2009.05.04"]
[EventType "swiss"]
[EventRounds "9"]
[EventCountry "RUS"]
[SourceTitle "EXT 2010"]
[Source "ChessBase"]
[SourceDate "2010.11.25"]
[SourceVersion "1"]
[SourceVersionDate "2010.11.25"]
[SourceQuality "1"]

1. d4 Nf6 2. c4 g6 3. Nc3 Bg7 4. e4 d6 5. Nf3 0-0 6. Be2 e5 7. 0-0 Nc6 8. d5 Ne7 9. b4 a5 10. Ba3 axb4 11. Bxb4 Nd7 12. a4 Nc5 13. Nd2 f5 14. a5 Kh8 15. Bxc5 dxc5 16. Nb3 b6 17. axb6 Rxa1 18. Qxa1 cxb6 19. Qa7 Bd7 20. Ra1 Nc8 21. Qb8 Bf6 22. Nd2 Be7 23. Qxe5+ Bf6 24. Qg3 Qe7 25. Ra8 Bd4 26. Bf1 Kg8 27. h4 f4 28. Qd3 Qxh4 29. Nd1 Qe7 30. Nf3 Bg7 31. Be2 Re8 32. Nc3 Bxc3 33. Qxc3 Qxe4 34. Bd3 Qe7 35. Qc2 Qf6 36. Qb1 Qc3 37. Rb8 Kg7 38. Rb7 Re7 39. Bf1 Qf6 40. Nd2 Bf5 41. Rxe7+ Qxe7 42. Bd3 Bxd3 43. Qxd3 Qe1+ 44. Nf1 Nd6 45. Qc2 Ne4 46. d6 Nxd6 47. Qb2+ Kh6 48. Qxb6 Ne4 49. Qb2 Nc3 50. Kh2 Qxf1 51. Qxc3 Qxf2 52. Qh3+ Kg5 53. Qe6 Qg3+ 54. Kh1 Qe3 55. Qd5+ Kh4 56. Qd8+ Kg3 57. Qg5+ Kf2 58. Qh4+ Qg3 0-1